Visualizzazione normale
Vista MARC
- International Pop All Stars
di Personal Name
Records bibliografici associati: 1
001 - CONTROL NUMBER
- control field: 6498
003 - CONTROL NUMBER IDENTIFIER
- control field: IT-RoPau
005 - DATE AND TIME OF LATEST TRANSACTION
- control field: 20131220113436.0
008 - FIXED-LENGTH DATA ELEMENTS
- fixed length control field: 131220|| aca||aabn | a|a d
040 ## - CATALOGING SOURCE
- Original cataloging agency: IT-RoPau
- Transcribing agency: IT-RoPau
100 ## - HEADING--PERSONAL NAME
- Personal name: International Pop All Stars
- Dates associated with a name: Codice interprete SPICS: 13922
- Relator term: Interprete
670 ## - SOURCE DATA FOUND
- Source citation: Work cat.: (IT-RoPau)99985: AA.VV. 794, Great Film Themes From Many Lands (Lp Pfs 4021)